000
00237nam a22001097a 4500
999
_c
260947
_d
260946
020
_a
9780689835827
100
_a
Phyllis Reynolds Naylor
245
_a
Shiloh
260
_a
USA
_b
Simon & Schuster
_c
2000
300
_a
137 pgs
942
_c
BK